000 00862cab a2200241 4500
001 WB3103-26
008 090401t1995 xxu||||| |||| 00| 0 eng d
035 _a(Sirsi) u70780
041 _aeng
245 _aLease or licence - tenant`s status
260 _c1995
350 _a0
490 _aEstates Gazette
_v(9502) 14 January 1995, 133(1)
520 _aSince the Housing Act 1988 the difference between a lease and a licence has become indistinct, so that when, under the present regime, the status of a tenant does occasionally become a point of contention, the courts are required to determine it.
650 _aESSO PETROLEUM CO LTD V FUMEGRANGE LTD
650 _aHOUSING ACT 1988
650 _aLICENCES
650 _aMONMOUTH BC V MARLOG
690 _aHOUSING
690 _aPROPERTY-LANDLORD AND TENANT
942 _n0
948 _c04/03/1997
999 _c44567
_d44567